| 000 | 00414nam a2200145Ia 4500 | ||
|---|---|---|---|
| 008 | 220216s9999 xx 000 0 und d | ||
| 100 | _aLi C G | ||
| 245 | 0 | _aSliding resistance on a constrained rubber layer due to rubber hysteresis | |
| 260 |
_bRubber Chemistry and Technology _c2000 |
||
| 300 | _a217-224 | ||
| 650 | _aFrictional sliding | ||
| 650 | _aSliding resistance | ||
| 700 | _aSteif P S | ||
| 942 | _cJS | ||
| 999 |
_c68754 _d68754 |
||